Introduction to Riemann surfaces

Salvato in:
Dettagli Bibliografici
Autore principale: Springer, George (Autore)
Natura: Libro
Lingua:inglese
Pubblicazione: Reading Addison-Wesley 1957
Serie:Addison-Wesley Mathematics Series
Soggetti:
Tags: Aggiungi Tag
Nessun Tag, puoi essere il primo ad aggiungerne!!

MARC

LEADER 00000nam a2200000 a 4500
001 UCP1293
003 CL-VaPUC
008 990401e19570000US |||||||||||||||||eng|d
082 0 4 |a 515.223  |b SPR  |2 21 
100 0 |a Springer, George  |e author  |9 427257 
245 1 0 |a Introduction to Riemann surfaces 
300 |a 307 p 
942 |c BK 
945 |d 19990401 00:00:00  |a crobeson 
260 |a Reading  |b Addison-Wesley  |c 1957 
650 0 |a Superficies de Riemann  |9 270682 
650 0 |a Topología   |9 260092 
650 0 |a Funciones analíticas  |9 270036 
650 0 |a Integrales   |9 260233 
650 0 |a Espacio de Hilbert   |9 260141 
650 0 |a Análisis complejo   |9 260214 
650 0 |a Números complejos  |9 270335 
583 |a last modification  |c 19990401 00:00:00  |k Rodrigo Vera 
490 0 |a Addison-Wesley Mathematics Series 
999 |c 279987  |d 279985 
952 |0 0  |1 0  |4 0  |6 515_223000000000000_SPR_1957  |7 0  |8 A  |9 319937  |a BIBMAT  |b BIBMAT  |d 2019-11-20  |i 1334565  |l 1  |m 1  |o 515.223 SPR 1957  |p 1334565  |r 2025-01-21  |s 2024-12-03  |w 2019-11-20  |y BK  |k MAT